Los derechos humanos, las políticas sociales y las educativas

Guardado en:
Detalles Bibliográficos
Autores principales: Rodríguez, Fito (Autor), Bornaetxea Rodríguez, Adolfo (Autor)
Formato: Libro
Lenguaje:español
Publicado: Madrid Delta Publicaciones 2016
Edición:1a. ed
Materias:
Etiquetas: Agregar Etiqueta
Sin Etiquetas, Sea el primero en etiquetar este registro!

MARC

LEADER 00000cam a2200000 a 4500
001 UCC9526
003 CL-VaPUC
008 191004e20160000sp |||||||||||||||||spa|d
020 |a 9788416383528 
082 0 4 |a 323.4  |b ROD  |2 21 
100 0 |a Rodríguez, Fito  |e author  |9 604653 
700 0 |a Bornaetxea Rodríguez, Adolfo  |e author  |9 604654 
245 1 4 |a Los derechos humanos, las políticas sociales y las educativas 
250 |a 1a. ed 
300 |a 162 p 
942 |c BK 
945 |d 20191004 13:59:00  |a dcastane 
260 |a Madrid  |b Delta Publicaciones  |c 2016 
650 0 |a Derechos humanos  |9 223025 
650 0 |a Políticas sociales  |9 358116 
650 0 |a Política gubernamental  |9 262286 
583 |a last modification  |c 20191004 13:59:00  |k Rodrigo Vera 
999 |c 375706  |d 375704 
952 |0 0  |1 0  |3 erb  |4 0  |6 323_400000000000000_ROD_2016  |7 0  |8 WP_COW  |9 561509  |a BIBDER  |b BIBDER  |e Huesbe Llanos, Marco Antonio, 1934-  |i 5605695  |o 323.4 ROD 2016  |p 5605695  |r 2023-01-25  |w 2020-03-12  |y BK  |z Catalogado en:20191004  |k WPC